| 000 | 00709nam a2200241 a 4500 | ||
|---|---|---|---|
| 005 | 20140310183531.0 | ||
| 008 | 111018s19uu xx 00 eng d | ||
| 010 | _a2007276050 | ||
| 020 | _a9780716764502 | ||
| 050 |
_aR 726.7 _b.St912 2007 |
||
| 100 | _aStraub, Richard O. | ||
| 245 |
_aHealth psychology : _ba biopsychosocial approach / _cRichard O. Straub. |
||
| 250 | _a2nd ed. | ||
| 260 |
_aNew York, NY : _bWorth Publishers, _c2007. |
||
| 300 |
_a478 p. : _bill. ; _c26 cm. |
||
| 500 | _aIncludes bibliographical references. | ||
| 521 | _aPSYCH | ||
| 650 | _aClinical health psychology | ||
| 650 | _aHealth behavior | ||
| 650 | _aSocial medicine | ||
| 942 |
_cBK _2lcc _kFOR |
||
| 999 |
_c24613 _d24613 |
||